Italian Language Irregular Verbs - Statistics

General Stats
  • This quiz has been taken 113 times
    53 since last reset
  • The average score is 13 of 17
Answer Stats
Hint Answer % Correct
to drink bere
93%
to know sapere
86%
to go andare
79%
to have avere
79%
to give dare
79%
to be essere
79%
to do/make fare
79%
to be able to/can potere
79%
to remain rimanere
79%
to sit sedere
79%
to come venire
79%
to say dire
71%
to have to/must dovere
71%
to stay stare
71%
to want volere
71%
to hold/keep tenere
64%
to go out uscire
50%
No matching quizzes found
Score Distribution
Percent of People with Each Score
Percentile by Number Answered
Your Score History
You have not taken this quiz since the last reset